Qui Chante #2 Anglais - Statistiques

Statistiques générales
  • Ce quiz a été pris 59 fois
  • Le résultat moyen est 4 sur 20
Statistiques - réponses
Paroles Artiste ou Titre % Correct
Make my wish come true Mariah Carey / All I want for Christmas is you
65%
The taste of her cherry chapstick Katy Perry / I kissed a girl
58%
But the kid is not my son Michael Jackson / Billie Jean
56%
Hands up and touch the sky Nicki Minaj / Starships
42%
And I keep hittin' repeat-peat-peat-peat-peat-peat Selena Gomez / Love you Like a Love Song
33%
Do you know what you started? I just came here to party Don't Stop the Music / Rihanna
29%
Put your lovin' hand out, baby Beggin / Madcon
25%
All my people from the front to the back nod, back nod Eminem / Rap God
23%
I throw my hands up in the air sometimes Taio Cruz / Dynamite
21%
And I wish you joy and happiness Whitney Houston / I will always love you
17%
You have been the one for me James Blunt / Goodbye my lover
15%
I thought you'd always be mine, mine Baby / Justin Bieber
10%
I wanna love you, and treat you right Is this Love / Bob Marley
6%
It's hard to look right at you, baby Carly Rae Jepsen / Call Me Maybe
4%
Spider Murphy played the tenor saxophone Elvis Presley / Jailhouse Rock
4%
I'm looking for a good time Sabrina Salerno / Boys Boys Boys
4%
Girl, I got you so high, and I know you like Sean Paul / She doesn't Mind
2%
'Cause I don't know if I take that chance Usher / Yeah
2%
I'm calling you out, I'm taking you down Olivia Holt / Fearless
0%
Nothing can touch me Pink / Sober
0%
Aucun quiz correspondant
Distribution des résultats
% des personnes avec chaque résultat
Percentile par nombre de réponses
Votre historique - résultats
Vous n’avez pas pris ce quiz